[Event "Berlin-ch Seniors op 34th"]
[Site "Berlin"]
[Date "2018.02.07"]
[Round "8"]
[White "Paris, Gerhard"]
[Black "Schulz, Manfred"]
[Result "1-0"]
[WhiteElo "1476"]
[BlackElo "1600"]
[PlyCount "117"]
[EventDate "2018.01.30"]
[EventType "swiss"]
[EventRounds "9"]
[EventCountry "GER"]
[SourceTitle "EXT 2020"]
[Source "ChessBase"]
[SourceDate "2019.10.17"]
[SourceVersion "1"]
[SourceVersionDate "2019.10.17"]
[SourceQuality "1"]

1. e4 e6 2. d4 b6 3. Nc3 Bb7 4. Be3 Nf6 5. Bd3 Bb4 6. f3 0-0 7. a3 Bxc3+ 8. bxc3 d6 9. Ne2 c5 10. 0-0 Nbd7 11. Qd2 Rc8 12. Ng3 c4 13. Be2 e5 14. d5 a6 15. a4 Nc5 16. Rfb1 Ncd7 17. Rb4 b5 18. axb5 axb5 19. Rxb5 Ra8 20. Rxa8 Qxa8 21. Rb4 Rc8 22. Rxc4 Rxc4 23. Bxc4 Ba6 24. Bxa6 Qxa6 25. Nf5 Kf8 26. Qd3 Qa3 27. c4 Qa5 28. Qd2 Qa4 29. Qc3 Qa6 30. Kf2 Kg8 31. Ke2 Kf8 32. Kd2 g6 33. Bh6+ Kg8 34. Ne7+ Kh8 35. Nc6 Qb6 36. Be3 Qa6 37. h3 Kg7 38. g4 Qa2 39. Nb4 Qb1 40. Nd3 Qh1 41. Nf2 Qg2 42. Kc1 Kg8 43. Qe1 Qxf3 44. Kd2 Nxe4+ 45. Nxe4 Qxe4 46. c3 Qg2+ 47. Qf2 Qxh3 48. c5 dxc5 49. Bxc5 Nxc5 50. Qxc5 Qg2+ 51. Kc1 Qxg4 52. d6 Qf4+ 53. Kb2 Qd2+ 54. Kb3 Qd1+ 55. Kb4 Qb1+ 56. Ka5 Qa2+ 57. Kb6 Qb3+ 58. Kc7 Qa4 59. d7 1-0

[Event "Berlin-ch Seniors op 33rd"]
[Site "Berlin"]
[Date "2017.02.01"]
[Round "2"]
[White "Paris, Gerhard"]
[Black "Rinke, Lothar"]
[Result "1-0"]
[WhiteElo "1468"]
[BlackElo "1746"]
[PlyCount "82"]
[EventDate "2017.01.31"]
[EventType "swiss"]
[EventRounds "9"]
[EventCountry "GER"]
[SourceTitle "EXT 2019"]
[Source "ChessBase"]
[SourceDate "2018.10.10"]
[SourceVersion "1"]
[SourceVersionDate "2018.10.10"]
[SourceQuality "1"]

1. e4 e6 2. d4 d5 3. e5 c5 4. c3 Nc6 5. Nf3 a6 6. Bd3 Qb6 7. a3 Bd7 8. dxc5 Bxc5 9. 0-0 Qc7 10. Bf4 Nge7 11. Nbd2 0-0 12. Re1 Ng6 13. Bg3 Be7 14. Qc2 Rac8 15. h4 Rfe8 16. h5 Nf8 17. Nh2 Na7 18. Ng4 Bb5 19. Nf6+ gxf6 20. exf6 Bd6 21. Re3 Bxd3 22. Qxd3 Nd7 23. Bxd6 Qxd6 24. Rg3+ Kh8 25. Ne4 Qf4 26. Ng5 Qxg5 27. Rxg5 Nxf6 28. Qd4 e5 29. Qxa7 Ne4 30. Rg4 f5 31. Rxe4 fxe4 32. Qxb7 Rcd8 33. Qxa6 d4 34. Qf6+ Kg8 35. cxd4 exd4 36. h6 Rd7 37. Qg5+ Kh8 38. Rd1 d3 39. Rd2 Rf7 40. Qe3 Rfe7 41. b4 Rc8 1-0

[Event "Berlin-ch Seniors op 33rd"]
[Site "Berlin"]
[Date "2017.01.31"]
[Round "1"]
[White "Kievelitz, Bernd"]
[Black "Paris, Gerhard"]
[Result "1-0"]
[WhiteElo "1824"]
[BlackElo "1468"]
[PlyCount "59"]
[EventDate "2017.01.31"]
[EventType "swiss"]
[EventRounds "9"]
[EventCountry "GER"]
[SourceTitle "EXT 2019"]
[Source "ChessBase"]
[SourceDate "2018.10.10"]
[SourceVersion "1"]
[SourceVersionDate "2018.10.10"]
[SourceQuality "1"]

1. Nf3 d6 2. d4 Nf6 3. c4 g6 4. Nc3 Bg7 5. e4 0-0 6. Be2 e5 7. Be3 Nbd7 8. d5 Nc5 9. Nd2 a5 10. 0-0 Bd7 11. Qc2 Ng4 12. Bxg4 Bxg4 13. f3 Bd7 14. Nb3 b6 15. Nxc5 bxc5 16. a4 f5 17. Nb5 Rf7 18. Qe2 f4 19. Bd2 Bc8 20. Qe1 Qg5 21. Bxa5 Rb8 22. Rf2 Qd8 23. b4 Bf6 24. Rc2 cxb4 25. Bxb4 g5 26. c5 g4 27. cxd6 cxd6 28. Nxd6 Rxb4 29. Rxc8 Rbb7 30. Rxd8+ 1-0

[Event "Berlin Lichtenberger op 15th"]
[Site "Berlin"]
[Date "2016.08.13"]
[Round "1"]
[White "Keusch, Horst"]
[Black "Paris, Gerhard"]
[Result "1-0"]
[WhiteElo "1973"]
[BlackElo "1486"]
[PlyCount "65"]
[EventDate "2016.08.13"]
[EventType "swiss"]
[EventRounds "9"]
[EventCountry "GER"]
[SourceTitle "CBM 173 Extra"]
[Source "ChessBase"]
[SourceDate "2016.08.29"]
[SourceVersion "1"]
[SourceVersionDate "2016.08.29"]
[SourceQuality "1"]

1. f4 d6 2. Nf3 Nf6 3. b3 g6 4. Bb2 Bg7 5. e3 c5 6. Be2 Nc6 7. 0-0 0-0 8. Qe1 Bf5 9. d3 a5 10. e4 Bd7 11. Nc3 Nb4 12. Qd2 Nc6 13. Rab1 Na7 14. e5 dxe5 15. Nxe5 Nc6 16. Nxd7 Qxd7 17. Na4 Ne4 18. Qe3 Bxb2 19. Rxb2 Qd4 20. Qxd4 Nxd4 21. c3 b5 22. cxd4 bxa4 23. dxe4 axb3 24. dxc5 bxa2 25. Rxa2 Rfc8 26. Rc1 a4 27. Bb5 a3 28. Bd7 Rc7 29. c6 e6 30. Rc3 Ra4 31. Rcxa3 Rxe4 32. Ra7 Rxa7 33. Rxa7 1-0

[Event "Berlin-ch Seniors op 32nd"]
[Site "Berlin"]
[Date "2016.01.28"]
[Round "3"]
[White "Klevenow, Ursula"]
[Black "Paris, Gerhard"]
[Result "0-1"]
[WhiteElo "1632"]
[BlackElo "1472"]
[PlyCount "128"]
[EventDate "2016.01.26"]
[EventType "swiss"]
[EventRounds "9"]
[EventCountry "GER"]
[SourceTitle "EXT 2019"]
[Source "ChessBase"]
[SourceDate "2018.10.10"]
[SourceVersion "1"]
[SourceVersionDate "2018.10.10"]
[SourceQuality "1"]

1. d4 Nf6 2. Nf3 d6 3. c4 g6 4. Nc3 Bg7 5. e4 0-0 6. Be2 e5 7. d5 Nbd7 8. 0-0 Nc5 9. Bg5 h6 10. Bxf6 Bxf6 11. b4 Nd7 12. Rc1 Bg7 13. Qc2 a5 14. a3 Nf6 15. c5 dxc5 16. bxc5 Ne8 17. Bc4 Bg4 18. Be2 h5 19. Kh1 Bxf3 20. Bxf3 Bh6 21. Rb1 Rb8 22. Rb2 h4 23. Bg4 Qf6 24. Qe2 Qg5 25. Bh3 Nf6 26. Qf3 Nh5 27. Qg4 Nf4 28. Qxg5 Bxg5 29. Bg4 Nd3 30. Rb5 b6 31. cxb6 Rxb6 32. Rxb6 cxb6 33. Be2 Rc8 34. Nb5 Nf4 35. Bg4 Rc5 36. Bd7 Nd3 37. Kg1 Rc1 38. Rxc1 Bxc1 39. a4 Nb2 40. Nd6 Kf8 41. Bb5 Bg5 42. Nb7 Nd1 43. d6 Nc3 44. Bc6 Ne2+ 45. Kf1 Nd4 46. Bd5 Ke8 47. h3 f5 48. exf5 gxf5 49. Bg8 Kd7 50. Bd5 f4 51. f3 Nf5 52. Kf2 Nxd6 53. Ke2 Nxb7 54. Bxb7 Kd6 55. Kd3 Kc5 56. Kc3 Bf6 57. Be4 b5 58. axb5 Kxb5 59. Bd3+ Kc5 60. Bc4 a4 61. Kb2 Kd4 62. Ka3 Ke3 63. Kxa4 Kf2 64. Kb4 Kxg2 0-1

[Event "Berlin Lichtenberger op 14th"]
[Site "Berlin"]
[Date "2015.08.19"]
[Round "5"]
[White "Schilly, Hans Joachim"]
[Black "Paris, Gerhard"]
[Result "1-0"]
[WhiteElo "1839"]
[BlackElo "1530"]
[PlyCount "53"]
[EventDate "2015.08.15"]
[EventType "swiss"]
[EventRounds "9"]
[EventCountry "GER"]
[SourceTitle "EXT 2016"]
[Source "ChessBase"]
[SourceDate "2015.10.08"]
[SourceVersion "1"]
[SourceVersionDate "2015.10.08"]
[SourceQuality "1"]

1. c4 Nf6 2. Nc3 d6 3. d4 g6 4. e4 Bg7 5. f3 0-0 6. Be3 c6 7. Bd3 Nbd7 8. Nge2 e5 9. d5 cxd5 10. cxd5 b6 11. 0-0 Nc5 12. Bc2 a5 13. a3 Bd7 14. b4 axb4 15. axb4 Na6 16. Qb1 Qb8 17. Bd3 Qb7 18. Qb2 Nc7 19. b5 Nfe8 20. Rxa8 Nxa8 21. Na2 f5 22. Nb4 fxe4 23. fxe4 Rxf1+ 24. Kxf1 Nf6 25. h3 Qc8 26. Nc6 Bxh3 27. Ne7+ 1-0

[Event "Berlin-ch Seniors op 31st"]
[Site "Berlin"]
[Date "2015.02.04"]
[Round "6"]
[White "Huelle, Gunter"]
[Black "Paris, Gerhard"]
[Result "1-0"]
[WhiteElo "1538"]
[BlackElo "1337"]
[PlyCount "91"]
[EventDate "2015.01.29"]
[EventType "swiss"]
[EventRounds "9"]
[EventCountry "GER"]
[SourceTitle "EXT 2018"]
[Source "ChessBase"]
[SourceDate "2017.10.13"]
[SourceVersion "1"]
[SourceVersionDate "2017.10.13"]
[SourceQuality "1"]

1. b4 e5 2. Bb2 d6 3. b5 Nf6 4. Nf3 Be6 5. e3 Be7 6. c4 0-0 7. Be2 a6 8. 0-0 Nbd7 9. a4 Nb6 10. d3 axb5 11. axb5 Rxa1 12. Bxa1 Nfd7 13. Nfd2 Nc5 14. d4 exd4 15. exd4 Ncd7 16. Bd3 Nf6 17. Qc2 Qd7 18. d5 Bg4 19. f3 Bh5 20. Bxf6 Bxf6 21. Bxh7+ Kh8 22. Bf5 Qd8 23. g4 Bg6 24. Bxg6 fxg6 25. Qxg6 Qe7 26. Qe4 Be5 27. f4 Nd7 28. fxe5 Rxf1+ 29. Kxf1 Nxe5 30. Nf3 Qf7 31. Nbd2 Qe8 32. Nxe5 dxe5 33. Nf3 Qa8 34. Nxe5 Qa1+ 35. Kf2 Qb2+ 36. Kg3 Qc3+ 37. Nf3 Qa3 38. Qe8+ Kh7 39. Qe4+ Kg8 40. Kh4 Qf8 41. Kg3 b6 42. Ng5 Qa3+ 43. Kh4 Kf8 44. Qf5+ Ke8 45. Qf7+ Kd8 46. Ne6+ 1-0

[Event "Berlin-ch Seniors op 31st"]
[Site "Berlin"]
[Date "2015.01.30"]
[Round "2"]
[White "Paris, Gerhard"]
[Black "Sehm, Andreas"]
[Result "0-1"]
[WhiteElo "1337"]
[BlackElo "1515"]
[PlyCount "51"]
[EventDate "2015.01.29"]
[EventType "swiss"]
[EventRounds "9"]
[EventCountry "GER"]
[SourceTitle "EXT 2018"]
[Source "ChessBase"]
[SourceDate "2017.10.13"]
[SourceVersion "1"]
[SourceVersionDate "2017.10.13"]
[SourceQuality "1"]

1. e4 e5 2. Nc3 Nf6 3. g3 Nc6 4. Bg2 Bc5 5. d3 0-0 6. Nge2 d6 7. Na4 Bg4 8. f3 Be6 9. c3 Bb6 10. Nxb6 axb6 11. Bg5 h6 12. Be3 Qe7 13. 0-0 d5 14. Qd2 Kh7 15. a3 dxe4 16. fxe4 Ng4 17. Bf2 Rad8 18. Qc2 Nxf2 19. Rxf2 g6 20. Raf1 Qd7 21. Rf6 Kg7 22. Nc1 Ne7 23. b4 Ng8 24. R6f3 Qe7 25. Qf2 Bg4 26. Re3 0-1

[Event "Berlin-ch Seniors op 31st"]
[Site "Berlin"]
[Date "2015.01.29"]
[Round "1"]
[White "Mueller, Johannes1111"]
[Black "Paris, Gerhard"]
[Result "1-0"]
[WhiteElo "1690"]
[BlackElo "1337"]
[PlyCount "71"]
[EventDate "2015.01.29"]
[EventType "swiss"]
[EventRounds "9"]
[EventCountry "GER"]
[SourceTitle "EXT 2018"]
[Source "ChessBase"]
[SourceDate "2017.10.13"]
[SourceVersion "1"]
[SourceVersionDate "2017.10.13"]
[SourceQuality "1"]

1. e4 e5 2. Nc3 Nf6 3. g3 g6 4. Bg2 Bg7 5. d3 d6 6. h3 Be6 7. Nge2 c5 8. 0-0 Qd7 9. Kh2 Nc6 10. f4 a6 11. a4 h5 12. Nd5 Bxd5 13. exd5 Ne7 14. fxe5 Ng4+ 15. hxg4 hxg4+ 16. Kg1 Bxe5 17. c4 Nf5 18. Rb1 0-0-0 19. Bf4 Bxf4 20. Rxf4 f6 21. Qd2 Rde8 22. Re4 Qxa4 23. Rxg4 Qd7 24. Re4 Ref8 25. b4 Qh7 26. bxc5 Qh2+ 27. Kf2 Nxg3 28. Nxg3 f5 29. Rf4 Qh6 30. cxd6 g5 31. Nxf5 Rxf5 32. Rxf5 Qh4+ 33. Kf1 Qg4 34. Qxg5 Qd4 35. d7+ Kc7 36. Qf4+ 1-0

[Event "Berlin Lichtenberger op 13th"]
[Site "Berlin"]
[Date "2014.08.16"]
[Round "1"]
[White "Barwich, Alfred"]
[Black "Paris, Gerhard"]
[Result "1-0"]
[WhiteElo "2041"]
[BlackElo "1536"]
[PlyCount "65"]
[EventDate "2014.08.16"]
[EventType "swiss"]
[EventRounds "9"]
[EventCountry "GER"]
[SourceTitle "CBM 161 Extra"]
[Source "ChessBase"]
[SourceDate "2014.08.29"]
[SourceVersion "1"]
[SourceVersionDate "2014.08.29"]
[SourceQuality "1"]

1. d4 Nf6 2. Nf3 d6 3. Bf4 g6 4. h3 Bg7 5. e3 0-0 6. Nbd2 Nbd7 7. Bd3 c5 8. c3 a6 9. 0-0 cxd4 10. exd4 Nh5 11. Bh2 e5 12. Re1 Nf4 13. Bxf4 exf4 14. Qb3 Qb6 15. Qa3 Qc7 16. Re2 Nf6 17. Rae1 Bd7 18. Qb3 Rae8 19. Ne4 Nxe4 20. Rxe4 Rxe4 21. Bxe4 Bc8 22. Bd5 h6 23. Nd2 b5 24. Ne4 f3 25. g4 Qe7 26. Qd1 Kh7 27. Nd2 Qh4 28. Qxf3 f5 29. Qg3 Qxg3+ 30. fxg3 fxg4 31. h4 h5 32. Ne4 Rd8 33. Ng5+ 1-0

[Event "Berlin-ch Seniors op 30th"]
[Site "Berlin"]
[Date "2014.02.06"]
[Round "8"]
[White "Paris, Gerhard"]
[Black "Gnass, Erhard"]
[Result "1-0"]
[WhiteElo "1345"]
[BlackElo "1377"]
[PlyCount "52"]
[EventDate "2014.01.30"]
[EventType "swiss"]
[EventRounds "9"]
[EventCountry "GER"]
[SourceTitle "EXT 2023"]
[Source "ChessBase"]
[SourceDate "2022.10.05"]
[SourceVersion "1"]
[SourceVersionDate "2022.10.05"]
[SourceQuality "1"]

1. e4 e5 2. Nc3 Nf6 3. g3 g6 4. Bg2 Bg7 5. d3 0-0 6. Nge2 d6 7. 0-0 Be6 8. Be3 Qd7 9. f4 Bh3 10. f5 Bxg2 11. Kxg2 c6 12. Bg5 Qc7 13. Bxf6 Bxf6 14. Qd2 Qe7 15. Rf3 Nd7 16. g4 Kh8 17. Raf1 Bg5 18. Qe1 f6 19. fxg6 hxg6 20. Rh3+ Kg7 21. Rhf3 Rh8 22. Rh1 Bh4 23. Qf1 Nf8 24. Ng3 Ne6 25. Qd1 Nf4+ 26. Kf1 Rad8 1-0

[Event "Berlin Lichtenberger op 12th"]
[Site "Berlin"]
[Date "2013.08.25"]
[Round "9"]
[White "Herrmann, Eberhard"]
[Black "Paris, Gerhard"]
[Result "1-0"]
[WhiteElo "1861"]
[BlackElo "1587"]
[PlyCount "45"]
[EventDate "2013.08.17"]
[EventType "swiss"]
[EventRounds "9"]
[EventCountry "GER"]
[SourceTitle "CBM 156 Extra"]
[Source "ChessBase"]
[SourceDate "2013.10.22"]
[SourceVersion "1"]
[SourceVersionDate "2013.10.22"]
[SourceQuality "1"]

1. e4 e5 2. Bc4 Nf6 3. d4 Nxe4 4. dxe5 Nxf2 5. Qf3 d5 6. Bxd5 Be6 7. Bxe6 Bb4+ 8. c3 Bxc3+ 9. Nxc3 Nd3+ 10. Ke2 Nxe5 11. Qd5 Qf6 12. Bh3 0-0 13. Nf3 Nbc6 14. Bg5 Nd4+ 15. Qxd4 Qa6+ 16. Kd1 Nc6 17. Qf2 f6 18. Bd2 Nb4 19. Qe2 Nd3 20. Qe6+ Qxe6 21. Bxe6+ Kh8 22. Kc2 Rad8 23. Bc4 1-0